| 000 | 00430nam a2200169Ia 4500 | ||
|---|---|---|---|
| 008 | 140321s9999 xx 000 0 und d | ||
| 020 | _a9780070146853 | ||
| 050 |
_aKF 889 _b.Sa253 2010 |
||
| 100 | _aMathur, Satish | ||
| 245 |
_aBusiness law / _cSatish B. Mathur. |
||
| 260 |
_aNew Delhi : _bMc Graw Hill, _cc2010. |
||
| 300 | _a837 p. : | ||
| 521 | _aBSBA | ||
| 650 |
_aLaw _xBusiness. |
||
| 942 |
_kFOR _cBK |
||
| 999 |
_c48552 _d48552 |
||